LEADER 00934nam a2200253 a 4500 001 000000123937 003 CaOOAMICUS 005 20101215092342.0 008 101215s1962 it u000 u ita r 040 $aPUL$bita 100 1 $aPesce, Domenico,$d1913-$0(OLS)http://pul/name/139 245 12$aL'estetica dopo Croce /$cDomenico Pesce. 260 $aFirenze :$b"Philosophia",$cstampa 1962. 300 $a142 p. ;$c20 cm 490 1 $aFilosofie ;$v1 500 $aInclude indici. 650 4$aEstetica$ySec. XX.$0(OLS)http://pul/subject/21829 830 0$aFilosofie ;$v1.$0(OLS)http://pul/title/60487 850 $aPUL 852 $aPUL$W1$xDP1 Filosofia 1$y19$m590 H 73$j142803$qStampati$B141748$CPULBib$Z2$F141748 $H66523 $82 941 1 $a8 996 $6245$aL'estetica dopo Croce$9(OLS)http://pul/title/156252 996 $6260$aFirenze :$b"Philosophia"$9(OLS)http://pul/publisher/69838 LEADER 01405nam a2200289 a 4500 001 000000155941 003 CaOOAMICUS 005 20161108110826.0 008 161108s1994 it u000 u ita r 032 $aLibriCat 040 $aPUL$bita 100 1 $aLima, Bruno.$0(OLS)http://pul/name/75912 245 13$aLa libertā religiosa nel recente magistero della Chiesa /$cBruno Lima. 260 $aRoma :$bPontificia Universitā S. Tommaso d'Aquino,$c1994. 300 $a89 p. ;$c24 cm. 500 $aIn testa al front.: Pontificia Studiorum Universitas a S. Thoma Aq. in Urbe. 502 $aEstratto da tesi -- Pontificiam Universitatem S. Thomae in Urbe, Facultate Iuris Canonici, 1994. 504 $aBibliografia in nota a pič pagina. 650 4$aLibertā religiosa.$0(OLS)http://pul/subject/762 710 2 $aPontificia Universitā S. Tommaso.$bFacoltā di diritto canonico.$kTesi.$0(OLS)http://pul/name/82906 850 $aPUL 852 $aPUL$W1$xDP1 Tesi Pon. Univ. S. Tommaso$y44$mTH S.THOM 910$j179105$qTesi$B182272$CPULBib$Z2$F182272 $H73660 $81 941 1 $a16 960 $aLibertā di culto$xConvenzioni internazionali $9762 996 $6245$aLa libertā religiosa nel recente magistero della Chiesa$9(OLS)http://pul/title/195588 996 $6260$aRoma :$bPontificia Universitā S. Tommaso d'Aquino$9(OLS)http://pul/publisher/74417